Squadra della stagione della UEFA Champions League - 2020-2021 - Statistics

Statistiche generali
  • Questo quiz è stato fatto 10 volte
  • Il punteggio medio è 19 su 23
Statistiche sulle risposte
Ruolo Nazione Squadra Calciatore % Corretto
Portiere Brasile Manchester City Ederson
100%
Portiere Belgio Real Madrid Thibaut Courtois
100%
Difensore Germania Chelsea Antonio Rüdiger
90%
Difensore Spagna Chelsea César Azpilicueta
90%
Portiere Senegal Chelsea Edouard Mendy
90%
Attaccante Norvegia Borussia Dortmund Erling Haaland
90%
Centrocampista Germania Manchester City İlkay Gündoğan
90%
Centrocampista Italia Chelsea Jorginho
90%
Attaccante Francia Real Madrid Karim Benzema
90%
Centrocampista Belgio Manchester City Kevin De Bruyne
90%
Attaccante Francia Paris Saint-Germain Kylian Mbappé
90%
Attaccante Argentina Barcellona Lionel Messi
90%
Centrocampista Croazia Real Madrid Luka Modrić
90%
Attaccante Brasile Paris Saint-Germain Neymar
90%
Centrocampista Francia Chelsea N'Golo Kanté
90%
Attaccante Polonia Bandiera Robert Lewandowski
90%
Difensore Portogallo Manchester City Rúben Dias
90%
Difensore Austria Bayern Monaco David Alaba
80%
Difensore Brasile Paris Saint-Germain Marquinhos
80%
Difensore Inghilterra Chelsea Ben Chilwell
60%
Centrocampista Inghilterra Chelsea Mason Mount
60%
Centrocampista Inghilterra Manchester City hil Foden
50%
Centrocampista Portogallo Porto Sérgio Oliveira
50%
Nessun quiz corrispondente trovato
Distribuzione punteggi
Percentuale di utenti per punteggio
Percentile per numero di risposta
I tuoi punteggi nel tempo
Non hai fatto questo quiz